| 000 | 00781naa a2200229 4500 | ||
|---|---|---|---|
| 005 | 20090807120636.0 | ||
| 008 | 090219t xxu||||| |||| 00| 0 eng d | ||
| 010 | _aENG-94664 | ||
| 020 |
_c250.00 _a9788189975456 |
||
| 035 | _aEN-78197 | ||
| 037 | _bDBAD / PUB | ||
| 040 |
_adpl _bEnglish |
||
| 082 | _aS | ||
| 100 | _aKaul, Aseem | ||
| 245 |
_aEtudes / _cby Aseem Kaul |
||
| 260 |
_aNew Delhi _bTranquebar Press _c2009 |
||
| 270 |
_aF-5, Okhla Industrial Area, Phase-1, Mezzanine Floor, _bNew Delhi _e110 020 |
||
| 300 |
_axv, 264p. _b20m(pbk) |
||
| 650 | _aShort stories, English | ||
| 942 |
_adpl _cEN _2ddc _mKAU _hS |
||
| 999 |
_c29005 _d29005 |
||